Ναυτιλιακά μαθήματα εξ αποστάσεως εκπαίδευση μέσω διαδικτύου με χρήση ανοιχτού κώδικα : μεταπτυχιακή εργασία

Αποθηκεύτηκε σε:
Λεπτομέρειες βιβλιογραφικής εγγραφής
Κύριος συγγραφέας: Χαλβατζόγλου, Δημήτριος-Νεκτάριος
Συγγραφή απο Οργανισμό/Αρχή: Πανεπιστήμιο Αιγαίου Σχολή Επιστημών της Διοίκησης Τμήμα Ναυτιλίας και Επιχειρηματικών Υπηρεσιών Πρόγραμμα Μεταπτυχιακών Σπουδών "Ναυτιλία, Μεταφορές και Διεθνές Εμπόριο - ΝΑ.Μ.Ε."
Άλλοι συγγραφείς: Λίτινας, Νικόλαος (dgs [Επιβλέπων καθηγητής])
Μορφή: Thesis Βιβλίο
Γλώσσα:Greek
Δημοσίευση: 2003.
Θέματα:
Ετικέτες: Προσθήκη ετικέτας
Δεν υπάρχουν, Καταχωρήστε ετικέτα πρώτοι!

MARC

LEADER 00000cam a2200000 i 4500
001 1/49913
008 040303s2003 gr ||| ||| ||| | gre||
035 |l 10072493 
040 |a GR-MyUa  |b gre  |e AACR2 
041 0 |a gre 
082 7 |a 371.358   |2 (22) 
100 1 |a Χαλβατζόγλου, Δημήτριος-Νεκτάριος. 
245 1 0 |a Ναυτιλιακά μαθήματα εξ αποστάσεως εκπαίδευση μέσω διαδικτύου με χρήση ανοιχτού κώδικα :   |b μεταπτυχιακή εργασία /   |c Χαλβατζόγλου Δημήτριος - Νεκτάριος ; επιβλέπων: Νικητάκος Νικήτας ; διευθυντής σπουδών: Λίτινας Νικόλαος.  
260 |c 2003.  
300 |a 114 σ. :   |b εγχρ. εικ. ;   |c 30 εκ.  
502 # # |a Διατριβή (μεταπτυχιακή) – Πανεπιστήμιο Αιγαίου, Χίος, 2003. 
504 |a Περιλαμβάνει βιβλιογραφία.  
610 2 0 |a Πανεπιστήμιο Αιγαίου. 
630 0 0 |a MySQL (Electronic resource) 
650 0 |a Distance education. 
650 0 |a Open learning. 
650 0 |a PHP (Computer program language) 
650 0 |a Dissertations, Academic  |z Greece. 
700 1 |a Λίτινας, Νικόλαος,  |e dgs [Επιβλέπων καθηγητής] 
700 1 |a Νικητάκος, Νικήτας,  |e dgs 
710 1 |a Πανεπιστήμιο Αιγαίου  |b Σχολή Επιστημών της Διοίκησης  |b Τμήμα Ναυτιλίας και Επιχειρηματικών Υπηρεσιών  |b Πρόγραμμα Μεταπτυχιακών Σπουδών "Ναυτιλία, Μεταφορές και Διεθνές Εμπόριο - ΝΑ.Μ.Ε.". 
852 |a INST  |b CHIOS  |c DIATR  |e 20040303  |h 371.358 ΧΑΛ  |p 005200023510  |q 005200023510  |t MTXE  |y 23 
852 |a INST  |b CHIOS  |c DIATR  |e 20040303  |h 371.358 ΧΑΛ  |p 005200023513  |q 005200023513  |t MTXE  |y 23 
901 |a BIBL2-2004-1 
901 |a BIBL2-2005-3 
924 |a Χαλαβατζόγλου  |b Δημήτριος - Νεκτάριος  |y Χίος  |z 2003-10 
970 |a Βασιλάκη   |b Νίκη  |z 2004/03/03